[Event "AUTO-INT-185"]
[Site "http://www.queenalice.com/game.php?id=211592"]
[Date "2007.5.16"]
[Round "2"]
[White "erickeek"]
[Black "jcbraga"]
[Result "0-1"]
[WhiteElo "1592"]
[BlackElo "1794"]

1. Nc3 d5 2. e3 Nf6 3. Nf3 Nc6 4. Bb5 Bd7 5. O-O e6 6. Bxc6 Bxc6 7. d4 Bb4 8.
Bd2 Bxc3 9. Bxc3 O-O 10. Bb4 Re8 11. Qd3 b6 12. Ne5 Bb7 13. Kh1 a5 14. Ba3 Ba6
15. c4 dxc4 16. Nxc4 Bxc4 17. Qxc4 Ne4 18. f3 Nd2 19. Qc1 Nxf1 20. Qxf1 Rb8 0-1

[Event "AUTO-INT-185"]
[Site "http://www.queenalice.com/game.php?id=211593"]
[Date "2007.5.16"]
[Round "2"]
[White "jcbraga"]
[Black "erickeek"]
[Result "1-0"]
[WhiteElo "1739"]
[BlackElo "1638"]

1. e4 e5 2. Nf3 Nf6 3. Nxe5 Qe7 4. Nf3 Qxe4+ 5. Be2 Bd6 6. O-O O-O 7. Bd3 Qg4 8.
b3 Nc6 9. Be2 Nd4 10. Nxd4 Qxd4 11. c3 Qh4 12. g3 Qh3 13. Re1 Re8 14. Bf3 Rxe1+
15. Qxe1 Ng4 16. Bxg4 Qxg4 17. d4 b6 18. Ba3 g6 19. Bxd6 cxd6 20. Nd2 d5 21.
Qe8+ Kg7 22. Qe5+ f6 23. Qxd5 Rb8 24. Qd6 Rb7 25. Qe7+ Kg8 26. Qd8+ Kg7 27. Qxc8
Qf4 28. Qxb7 Qxd2 29. Qxd7+ Kh6 30. Qh3+ 1-0

[Event "AUTO-OPEN-404"]
[Site "http://www.queenalice.com/game.php?id=218479"]
[Date "2007.5.30"]
[Round "2"]
[White "erickeek"]
[Black "CHESSGENIUS"]
[Result "0-1"]
[WhiteElo "1640"]
[BlackElo "2126"]

1. Nf3 d5 2. e3 Nf6 3. Bb5+ c6 4. Bd3 Qc7 5. c4 e5 6. Be2 e4 7. Nd4 dxc4 8. Nc3
b5 9. Qc2 Qe5 10. f4 exf3 11. Nxf3 Qc7 12. d3 cxd3 13. Bxd3 Bd6 14. a3 O-O 15.
Ng5 h6 16. Nf3 Bb7 17. Bd2 a6 18. b4 c5 19. bxc5 Qxc5 0-1

[Event "AUTO-OPEN-404"]
[Site "http://www.queenalice.com/game.php?id=218480"]
[Date "2007.5.30"]
[Round "2"]
[White "CHESSGENIUS"]
[Black "erickeek"]
[Result "1-0"]
[WhiteElo "2127"]
[BlackElo "1615"]

1. e4 e5 2. Nf3 Nf6 3. Nxe5 Qe7 4. d4 d6 5. Nf3 Qxe4+ 6. Be2 Bf5 7. c3 Nc6 8.
O-O O-O-O 9. Re1 Bg4 10. h3 Bxf3 11. Bxf3 Qg6 12. Bxc6 bxc6 13. Qa4 Re8 14.
Rxe8+ Nxe8 15. Qxc6 Qe6 16. Qa6+ Kd7 17. Be3 f5 18. Nd2 h5 19. Qxa7 g6 20. Qa4+
1-0

[Event "AUTO-OPEN-404"]
[Site "http://www.queenalice.com/game.php?id=218481"]
[Date "2007.5.30"]
[Round "2"]
[White "erickeek"]
[Black "neijrodrigues"]
[Result "1-0"]
[WhiteElo "1548"]
[BlackElo "1891"]

1. Nf3 Nf6 2. e3 c5 3. Nc3 d6 4. Bb5+ Bd7 5. O-O Nc6 6. d4 cxd4 7. exd4 Rc8 8.
Qe2 a6 9. Bxc6 Bxc6 10. Bg5 Qa5 11. Bxf6 gxf6 12. Rfd1 Qh5 13. d5 Bd7 14. Ne4
Bb5 15. c4 Bxc4 16. Nxd6+ Kd7 17. Nxc4 Rc5 18. Nfe5+ 1-0

[Event "AUTO-OPEN-404"]
[Site "http://www.queenalice.com/game.php?id=218482"]
[Date "2007.5.30"]
[Round "2"]
[White "neijrodrigues"]
[Black "erickeek"]
[Result "0-1"]
[WhiteElo "1536"]
[BlackElo "1628"]

1. e4 e5 2. Nf3 Nf6 3. d3 Nc6 4. g3 Bb4+ 5. c3 Be7 6. Bg2 O-O 7. O-O d5 8. Qc2
Bg4 9. Rd1 Qd7 10. Nbd2 Rad8 11. exd5 Nxd5 12. Nc4 Bxf3 13. Bxf3 b5 14. Ne3 Nf6
15. a4 a6 16. axb5 axb5 17. Qb3 Rb8 18. Ra6 Nd8 19. d4 e4 20. Be2 b4 21. c4 Ne6
22. Nf5 Kh8 23. Be3 Nc5 24. dxc5 Qxf5 25. Rd5 Nxd5 26. cxd5 Ra8 27. Bd4 Rxa6 28.
Bxa6 Rb8 29. Bc4 Qh3 30. Qa4 Qc8 31. Qc6 f6 32. Kg2 Qd8 33. b3 Ra8 34. Qe6 Qf8
35. Qc6 Qd8 36. h4 Qc8 37. h5 h6 38. d6 cxd6 39. Qxe4 dxc5 40. Bd3 Qg8 41. Be3
Re8 42. Qg6 Rd8 43. Bc4 Qh7 44. Qf7 g6 45. hxg6 Qxf7 46. gxf7 Bf8 47. Kf3 Kg7
48. Ke4 Rd7 0-1

[Event "AUTO-INT-186"]
[Site "http://www.queenalice.com/game.php?id=218957"]
[Date "2007.5.31"]
[Round "2"]
[White "jcbraga"]
[Black "erickeek"]
[Result "0-1"]
[WhiteElo "1814"]
[BlackElo "1604"]

1. e4 e5 2. Nf3 Nf6 3. Nxe5 Qe7 4. Nf3 Qxe4+ 5. Qe2 d5 6. Qxe4+ dxe4 7. Ne5 Bd6
8. Nc4 Nc6 9. Nxd6+ cxd6 10. Bb5 O-O 11. Bxc6 bxc6 12. O-O Ba6 13. Re1 d5 14. d3
exd3 15. cxd3 Bxd3 16. b3 Rfe8 17. Rxe8+ Rxe8 18. h3 Re1+ 19. Kh2 Rxc1 20. g4 h5
21. gxh5 Nxh5 22. a4 Be4 23. Nd2 Rxa1 24. Nxe4 dxe4 0-1

[Event "AUTO-INT-186"]
[Site "http://www.queenalice.com/game.php?id=218958"]
[Date "2007.5.31"]
[Round "2"]
[White "erickeek"]
[Black "jcbraga"]
[Result "0-1"]
[WhiteElo "1626"]
[BlackElo "1751"]

1. Nf3 d5 2. e3 Bg4 3. d4 Nc6 4. Bb5 a6 5. Bxc6+ bxc6 6. O-O e6 7. h3 Bh5 8. Nc3
Qf6 9. Bd2 Bxf3 10. Qxf3 Qxf3 11. gxf3 Nf6 12. e4 dxe4 13. fxe4 Bb4 14. e5 Bxc3
15. Bxc3 Ne4 16. Rae1 Nxc3 17. bxc3 O-O 18. h4 Rab8 19. f4 Rb2 20. f5 exf5 21.
Rxf5 Rxc2 22. e6 fxe6 23. Rxf8+ Kxf8 24. Rxe6 Rxc3 25. Re2 Rc4 0-1

[Event "AUTO-INT-186"]
[Site "http://www.queenalice.com/game.php?id=218963"]
[Date "2007.5.31"]
[Round "2"]
[White "erickeek"]
[Black "aarongale"]
[Result "1-0"]
[WhiteElo "1590"]
[BlackElo "1761"]

1. Nf3 g6 2. e4 Bg7 3. Nc3 d6 4. Bb5+ Bd7 5. O-O Bxc3 6. Bxd7+ Qxd7 7. bxc3 e5
8. d4 f6 9. Be3 Nc6 10. Rb1 b6 11. Qd3 Nge7 12. d5 Na5 13. Bh6 c5 14. Bg7 Rg8
15. Bxf6 Rf8 16. Nxe5 dxe5 17. Bxe5 a6 18. Rxb6 Qc8 19. h3 c4 20. Qe3 Rb8 21.
Rxb8 Qxb8 22. Bxb8 Kd7 23. Qa7+ Ke8 24. Qxa6 Kf7 25. Qe6+ 1-0

[Event "AUTO-INT-186"]
[Site "http://www.queenalice.com/game.php?id=218964"]
[Date "2007.5.31"]
[Round "2"]
[White "aarongale"]
[Black "erickeek"]
[Result "0-1"]
[WhiteElo "1696"]
[BlackElo "1584"]

1. e4 e5 2. Nf3 Nf6 3. d4 exd4 4. Nxd4 Nxe4 5. Bd3 d5 6. Qf3 Qh4 7. g3 Nxg3 8.
Qxg3 Qxd4 9. Qxc7 Bb4+ 10. c3 O-O 11. cxb4 Qxd3 12. Qe5 Nc6 13. Qe2 Qxe2+ 14.
Kxe2 Bg4+ 15. Kd2 Nxb4 16. a3 Nc6 17. Nc3 d4 18. Nb5 h6 19. Rg1 Bd7 20. Nd6 b6
21. Kc2 Kh8 22. b3 f6 23. Bb2 Rad8 24. Rad1 Be6 25. Ne4 Rfe8 26. f3 Ne5 27. Rg3
d3+ 28. Kd2 Bxb3 29. Rdg1 Rg8 30. Nf2 Rd5 31. Ng4 Nxg4 32. fxg4 Bc4 33. h3 h5
34. gxh5 Rxh5 35. Re1 b5 36. Re7 a6 37. Ra7 f5 38. Bxg7+ Rxg7 39. Raxg7 f4 40.
Rg8+ Bxg8 41. Rxd3 Bc4 42. Rf3 Kg7 43. Kc3 Rf5 44. Kd4 Kf6 45. a4 Bd5 46. a5
Bxf3 0-1

[Event "AUTO-INT-186"]
[Site "http://www.queenalice.com/game.php?id=218965"]
[Date "2007.5.31"]
[Round "2"]
[White "erickeek"]
[Black "winner"]
[Result "1-0"]
[WhiteElo "1578"]
[BlackElo "1730"]

1. Nf3 e6 2. e4 d5 3. e5 c5 4. Be2 Nc6 5. O-O Qc7 6. Re1 f6 7. Bb5 Ne7 8. exf6
gxf6 9. d4 cxd4 10. Qxd4 Bd7 11. Qxf6 Rg8 12. Ng5 Bg7 13. Qf7+ Kd8 14. Nxe6+
Bxe6 15. Rxe6 Nd4 16. Qxg8+ Nxg8 17. Re8# 1-0

[Event "AUTO-INT-186"]
[Site "http://www.queenalice.com/game.php?id=218966"]
[Date "2007.5.31"]
[Round "2"]
[White "winner"]
[Black "erickeek"]
[Result "1-0"]
[WhiteElo "1752"]
[BlackElo "1600"]

1. e4 e5 2. Nf3 Nf6 3. d3 Nc6 4. Be2 Bb4+ 5. Bd2 Bc5 6. O-O Ng4 7. Be1 O-O 8. c3
d5 9. exd5 Qxd5 10. h3 Nf6 11. Nbd2 Bf5 12. Nb3 Be7 13. d4 e4 14. Nfd2 Bd7 15.
f3 e3 16. Nc4 Qe6 17. Qc1 Nd5 18. Qc2 1-0

[Event "AUTO-INT-179"]
[Site "http://www.queenalice.com/game.php?id=236480"]
[Date "2007.7.8"]
[Round "2"]
[White "KobeB"]
[Black "erickeek"]
[Result "1-0"]
[WhiteElo "1745"]
[BlackElo "1613"]

1. e4 e5 2. Nf3 Nf6 3. Nc3 Bd6 4. Bc4 O-O 5. O-O Nc6 6. d3 Na5 7. Bg5 c6 8. a3
Nxc4 9. dxc4 Bc7 10. Nd2 d6 11. Qf3 Be6 12. Bxf6 Qxf6 13. Qxf6 gxf6 14. f4 Bb6+
15. Kh1 exf4 16. b4 Bd4 17. Rf3 Be5 18. Raf1 Bxc3 19. Rxc3 Kh8 20. Rxf4 d5 21.
cxd5 cxd5 22. Rxf6 dxe4 23. Nxe4 Rad8 24. h3 Rg8 25. g4 Rd1+ 26. Kh2 Re1 27. Ng3
1-0

[Event "AUTO-INT-179"]
[Site "http://www.queenalice.com/game.php?id=236481"]
[Date "2007.7.8"]
[Round "2"]
[White "erickeek"]
[Black "KobeB"]
[Result "0-1"]
[WhiteElo "1602"]
[BlackElo "1756"]

1. Nf3 Nf6 2. e3 Nc6 3. Bb5 a6 4. Bxc6 dxc6 5. Nc3 Bg4 6. O-O Qd7 7. e4 e5 8.
Nxe5 Bxd1 9. Nxd7 Nxd7 10. Rxd1 O-O-O 11. d4 g6 12. Bf4 Nb6 13. Be5 Rg8 14. Bf6
Rd7 15. d5 cxd5 16. Nxd5 Nxd5 17. exd5 Bg7 18. Bxg7 Rxg7 19. c4 f5 20. Re1 b5
21. b3 Rd6 22. f4 c6 23. dxc6 Rxc6 24. cxb5 axb5 25. b4 h6 26. h3 Rc4 27. a3
Rxf4 0-1

[Event "AUTO-INT-179"]
[Site "http://www.queenalice.com/game.php?id=236484"]
[Date "2007.7.8"]
[Round "2"]
[White "erickeek"]
[Black "renato"]
[Result "0-1"]
[WhiteElo "1613"]
[BlackElo "1616"]

1. Nf3 d5 2. e3 Bg4 3. d4 a6 4. Be2 Nf6 5. Nc3 Bxf3 6. Bxf3 e6 7. Bd2 Bb4 8. a3
Bd6 9. b4 b5 10. O-O Ng8 11. e4 c6 12. e5 Be7 13. g3 h6 14. h4 g5 15. Bg4 gxh4
16. gxh4 Bxh4 17. Qf3 h5 18. Bh3 Nh6 0-1

[Event "AUTO-INT-179"]
[Site "http://www.queenalice.com/game.php?id=236485"]
[Date "2007.7.8"]
[Round "2"]
[White "renato"]
[Black "erickeek"]
[Result "1-0"]
[WhiteElo "1632"]
[BlackElo "1597"]

1. e4 e5 2. Nf3 Nf6 3. d3 Nc6 4. Bg5 Bb4+ 5. Nbd2 Bxd2+ 6. Qxd2 Qe7 7. Bxf6 Qxf6
8. Be2 d6 9. h3 Nd4 10. Nxd4 exd4 11. g4 Bd7 12. Qb4 b6 13. h4 c5 14. Qd2 O-O
15. g5 Qe5 16. f4 Qe6 17. f5 Qe5 18. h5 1-0

[Event "AUTO-OPEN-405"]
[Site "http://www.queenalice.com/game.php?id=377093"]
[Date "2008.3.25"]
[Round "2"]
[White "QuickQuickSlow"]
[Black "erickeek"]
[Result "1-0"]
[WhiteElo "2086"]
[BlackElo "1576"]

1. d4 d5 2. c4 dxc4 3. Nf3 f6 4. e3 b5 5. a4 c6 6. axb5 cxb5 7. b3 Qc7 8. bxc4
bxc4 9. Qa4+ Bd7 10. Qxc4 Qxc4 11. Bxc4 e6 12. O-O Nh6 13. Nc3 Be7 14. Na4 O-O
15. Nb6 Nc6 16. Nxd7 1-0

[Event "AUTO-OPEN-405"]
[Site "http://www.queenalice.com/game.php?id=377094"]
[Date "2008.3.25"]
[Round "2"]
[White "erickeek"]
[Black "QuickQuickSlow"]
[Result "0-1"]
[WhiteElo "1574"]
[BlackElo "2088"]

1. d4 Nf6 2. Nc3 e6 3. a3 d5 4. e3 Be7 5. g4 h6 6. Nh3 c5 7. Bb5+ Bd7 8. Bxd7+
Qxd7 9. dxc5 Bxc5 10. b4 Bd6 11. f3 Nc6 12. e4 Rc8 13. exd5 exd5 14. Nxd5 Nxd5
15. Qxd5 Bxb4+ 16. Qd2 Bxd2+ 0-1

[Event "AUTO-OPEN-405"]
[Site "http://www.queenalice.com/game.php?id=377101"]
[Date "2008.3.25"]
[Round "2"]
[White "erickeek"]
[Black "Hernani"]
[Result "0-1"]
[WhiteElo "1582"]
[BlackElo "1910"]

1. d4 Nf6 2. Nc3 e6 3. Bg5 Bb4 4. Bd2 d5 5. Nf3 O-O 6. e3 c5 7. a3 cxd4 8. exd4
Bd6 9. Bg5 h6 10. Bxf6 Qxf6 11. Nb5 Qe7 12. Nxd6 Qxd6 0-1

[Event "AUTO-OPEN-405"]
[Site "http://www.queenalice.com/game.php?id=377102"]
[Date "2008.3.25"]
[Round "2"]
[White "Hernani"]
[Black "erickeek"]
[Result "1-0"]
[WhiteElo "1913"]
[BlackElo "1579"]

1. e4 e5 2. Nf3 Nc6 3. Bb5 Nf6 4. O-O Be7 5. Re1 O-O 6. Bxc6 dxc6 7. Nxe5 Qd6 8.
Nf3 Bg4 9. h3 Bxf3 10. Qxf3 Qe5 11. Nc3 Bd6 12. g3 Bb4 13. a3 1-0